| 000 | 00527nam a22001577a 4500 | ||
|---|---|---|---|
| 008 | 150724b xxu||||| |||| 00| 0 eng d | ||
| 020 | _a9789966250193 | ||
| 050 | _aK 3.0713 .B7 2012 | ||
| 100 |
_aBR Professional Education Ltd, _d2012 |
||
| 245 |
_aATC introduction to law (practice and revision kit) : _bPaper No. 2 |
||
| 250 | _a1st ed. | ||
| 260 |
_aNairobi: _bBR Professional Education Ltd, _c2012 |
||
| 300 | _axiii, 114p. :ill. | ||
| 650 | _aBusiness law | ||
| 942 |
_2lcc _cBOOKS _hK 3.0713 .B7 2012 _012 |
||
| 999 |
_c2569 _d2569 |
||